00523nam a2200193 a 4500001001300000003000900013005001700022008004100039020002300080082001900103100002100122245005100143260003400194300000900228500003500237505002400272650001200296700002100308nice12345678IN_TiNIC20260116014851.0050524s2011 newa grp 000 0 eng  a9789350180143c39900a294.5921bKRI1 aKrishnamurthy, V aGems from the Ocean of Spiritual Hindu Thought aNew Delhi bReadworthy c2011 a334p aincludes index and biblioraphy2 aBibliography, Index aVedanta1 aKrishnamurthy, V